| 000 | 00688nam a2200253Ia 4500 | ||
|---|---|---|---|
| 003 | OSt | ||
| 005 | 20221006144039.0 | ||
| 006 | a|||||r|||| 00| 0 | ||
| 007 | ta | ||
| 008 | 221006b |||||||| |||| 00| 0 eng d | ||
| 020 | _cP30.00 | ||
| 024 | _a10,734 | ||
| 037 | _cTextual | ||
| 040 |
_aEASL _cEASL _beng |
||
| 041 |
_2eng _aeng |
||
| 082 | _aW691.41.N89, N4 | ||
| 100 |
_aDING X L _9650786 |
||
| 245 | 0 |
_aDecline of communism in China _b Legitimacy crisis, 1977-1989 |
|
| 260 |
_aCambridge _bCambridge University Press _c1994 |
||
| 300 |
_a230p. _ccm. |
||
| 490 | _v CEL | ||
| 942 |
_hW691.41.N89, N4 _cTEXL _2CC |
||
| 999 |
_c1078820 _d1078820 |
||